Страны, которые посещал Владимир Путин - Statistics

General Stats
  • This quiz has been taken 70 times
  • The average score is 63 of 75
Answer Stats
Страна % Correct
Беларусь
100%
Соединённые Штаты Америки
100%
Украина
100%
Германия
98%
Китай
98%
Япония
98%
Финляндия
96%
Франция
96%
Австралия
94%
Австрия
94%
Бразилия
94%
Испания
94%
Италия
94%
Канада
94%
Норвегия
94%
Швеция
94%
Южно-Африканская Республика
94%
Азербайджан
92%
Армения
92%
Казахстан
92%
Корейская Народно-Демократическая Республика
92%
Сербия
92%
Таджикистан
92%
Хорватия
92%
Великобритания
90%
Иран
90%
Польша
90%
Португалия
90%
Республика Корея
90%
Словакия
90%
Туркменистан
90%
Чехия
90%
Швейцария
90%
Бельгия
88%
Египет
88%
Мексика
88%
Аргентина
87%
Венгрия
87%
Дания
87%
Нидерланды
87%
Словения
87%
Турция
87%
Узбекистан
87%
Ватикан
85%
Греция
85%
Индия
85%
Болгария
83%
Кыргызстан
83%
Румыния
83%
Сирия
83%
Израиль
81%
Объединённые Арабские Эмираты
81%
Саудовская Аравия
81%
Алжир
79%
Молдова
79%
Вьетнам
77%
Монголия
77%
Чили
77%
Индонезия
75%
Марокко
75%
Катар
71%
Куба
71%
Новая Зеландия
71%
Кипр
69%
Ливия
69%
Перу
69%
Таиланд
65%
Сингапур
63%
Иордания
60%
Россия
58%
Филиппины
56%
Малайзия
54%
Гватемала
52%
Бруней
48%
Никарагуа
46%
No matching quizzes found
Score Distribution
Percent of People with Each Score
Percentile by Number Answered
Your Score History
You have not taken this quiz